00347nam a2200121Ia 4500041001200000082000800012082001100020100004700031245007700078260004500155260000900200650001600209 aEnglish a630 bMIN/RE aMinistry of Agriculture and Irrigation  aReport of the national commission on agriculture 1976 : Inputs part-10 * bMinistry of Agriculture and Irrigation  c1976 aAgriculture